| 000 | 00567nam a22001937a 4500 | ||
|---|---|---|---|
| 999 |
_c20828 _d20828 |
||
| 003 | AR-CdUCM | ||
| 008 | 190606b ||||| |||| 00| 0 spa d | ||
| 040 |
_aMUNICIPALIDAD PROVINCIAL DEL CUSCO _cBIBLIOTECA MUNICIPAL DEL CUSCO |
||
| 082 |
_a869.7 / _bA71 |
||
| 100 |
_aAristeguieta, Jean _943503 |
||
| 245 | _aÁrbol de fuego / | ||
| 260 |
_aCaracas: _bSucre, _c1971. |
||
| 300 |
_a31 páginas ; _c21 cm. |
||
| 505 | _aContenido: Cuerpo -- Pie -- Piernas... | ||
| 650 |
_aPoesía _9139 |
||
| 650 |
_aVenezuela _92312 |
||
| 942 |
_2ddc _cLIBROS |
||
| 945 | _aJavier | ||